Quiz o postaciach historycznych z danego panstwa - Statystyki

Ogólne statystyki
  • Ten quiz został rozwiązany 13 razy
  • Średni wynik to 11 z 16
Statystyki odpowiedzi
Hint Odpowiedź % Poprawnych
Joanna d'Arc Francja/Królestwo Francji
100%
Angela Merkel Niemcy/RFN/Republika Federalna Niemiec
100%
Józef Piłsudski Polska/II Rzeczpospolita
100%
Grigorij Rasputin Rosja/cesarstwo rosyjskie/imperium rosyjskie/carat rosyjski/carstwo rosyjskie
100%
Nelson Mandela RPA/Republika południowej Afryki/ Związek południowej Afryki
91%
Hirobumi Itō Japonia
82%
Simón Bolívar Wenezuela/Hiszpania
73%
Bolesław Srogi Czechy/Księstwo Czech
64%
Matka Teresa z Kalkuty Albania
55%
Carl Gustaw Mannerheim Finlandia
55%
Zwiad Gamsachurdia Gruzja
55%
Mattew Ridgway USA
55%
Oswald Mosley Wielka Brytania/Anglia/Imperium brytyjskie
55%
Nikola Pašić Jugosławia/Królestwo Serbów, Chorwatów i Słoweńców/Królestwo SHS
45%
Antanas Smetona Litwa
36%
Timur Chromy Mongolia/Uzbekistan
36%
Nie znaleziono quizów pasujących do podanych kryteriów
Rozkład punktacji
Procent ludzi z każdym wynikiem
Percentyl według liczby udzielonych odpowiedzi
Twoja historia wyników
Nie rozwiązałeś tego quizu